000
00369nam a22001577a 4500
003
MPLRDC
005
20220104114500.0
008
210129b ||||| |||| 00| 0 eng d
082
_a
857.457 LG c.2
100
_a
不详
245
_a
清宫四大奇案
_c
260
_a
_b
雷鼓出版社
_c
1987
300
_b
平
650
_a
历史小说
942
_c
BK
_o
857.457 LG c.2
999
_c
7822
_d
7812